000 00287nam a22001337a 4500
008 170803b xxu||||| |||| 00| 0 eng d
020 _a9780073523354
041 _aeng
080 _a004
100 _a32
101 _aSHKI
245 _aJAVA PROGRAMMING
_cBRAVACO, R
942 _2udc
_cBK
999 _c22637
_d22637